00634nam a2200193Ia 4500003000500000008004100005020001800046040001900064082000700083100002100090245001900111260003700130300000800167546001200175942001200187999001700199952011200216952011200328STCL181203s9999 xx 000 0 und d a9780571218783 aSTCLbENcSTCL 222 aMistry, Rohinton 2aA Fine Balance bFaber and FaberaNew Delhic2004 a614 aEnglish 2ddccBK c87082d87082 00102ddc4070aSTCALbSTCALcGENd2018-12-03l0o813.54 MIS-Ap95711r2018-12-03 00:00:00w2018-12-03yBK 00102DDC4070aSTCALbSTCALcGENd2023-07-26l0o813.54 MIS-Fp98414r2023-07-26 00:00:00w2023-07-26yBK